Valtiot joiden kansalaisia oli Estonialla - Statistics

Yleistilastot
  • Tätä visaa on pelattu 78 kertaa
  • Keskiarvotulos 14 / 17
Vastaustilastot
Manner Valtio Matkustajia Menehtyneet Selvinneet % Oikein
Eurooppa Ruotsi 552 501 51
100%
Eurooppa Suomi 13 10 3
100%
Eurooppa Venäjä 15 11 4
98%
Eurooppa Viro 347 285 62
98%
Eurooppa Norja 9 6 3
97%
Eurooppa Latvia 29 17 6
95%
Eurooppa Liettua 4 3 1
95%
Eurooppa Tanska 6 5 1
93%
Eurooppa Saksa 8 5 3
91%
Eurooppa Ranska 1 1
86%
Eurooppa Yhdistynyt Kuningaskunta 2 1 1
83%
Amerikka Kanada 1 1
74%
Eurooppa Valko-Venäjä 1 1
74%
Eurooppa Alankomaat 2 1 1
71%
Eurooppa Ukraina 2 1 1
71%
Afrikka Marokko 2 2
41%
Afrikka Nigeria 1 1
28%
Ehtoja vastaavia visoja ei löytynyt
Tulosjakauma
Jokaisen tuloksen saaneiden osuus
Persentiili vastausten määrän mukaan
Tuloshistoriasi
Et ole pelannut tätä visaa